| 000 | 00696nam a2200217Ia 4500 | ||
|---|---|---|---|
| 008 | 160319s9999 xx 000 0 und d | ||
| 245 | _aAesop's fables / | ||
| 245 | _cDiscovery Channel School. | ||
| 260 | _aPhilippines: | ||
| 260 | _bDistributed by Magnavision Home Video/Discovery Communications, Inc., | ||
| 260 | _c2005 | ||
| 300 | _a1 videodisc (approximately 50 min.) : | ||
| 300 | _bdigital, sound, color ; | ||
| 300 | _c4 3/4 in. | ||
| 440 | _aDiscovery Channel School. Literature. | ||
| 500 | _aLanguage in English. | ||
| 650 | _aFables. | ||
| 700 | _aAesop., author. | ||
| 700 | _aDiscovery School (Firm), corporate. | ||
| 700 | _aMagnavision Home Video., corporate. | ||
| 999 |
_c292400 _d292400 |
||